000 00852nam a2200289 i 4500
001 000012427
003 DO-SdBNP
005 20240530073913.0
007 ta
008 091112s2000 cl 000 f spa d
020 _a9580459649
040 _aDO-SdBNP
_bspa
_cBNPHU
_erda
082 4 _aRD863.44
_bL817b
_222
100 1 _aLockward, Angel,
_b1955-
_eautor
_911034
245 1 3 _aEl buscador de tesoros /
_cÁngel Lockward
264 _aBogotá, Colombia :
_bNorma,
_c2000.
300 _a272 páginas ;
_c21 cm.
336 _2rdacontent
_atexto
_btxt
337 _2rdamedia
_asin mediación
_bn
338 _2rdacarrier
_avolumen
_bnc
490 _aEl Dorado
590 _aInventariado, 2020/MAA
650 0 _aNovela dominicana
_9223
650 0 _aLiteratura dominicana.
_967
910 _aValidado. Control de calidad MMOLINA
942 _2ddc
_cLBS1
999 _c12084
_d12084